Predsedom predstavenstva F. Horal mimoriadny krajský snem HZDS v Prešove

Bibliographic Details
Main Author: (Lúč-šim) (Author)
Corporate Author: Hnutie za demokratické Slovensko (Author)
Format: Article
Language:Slovak
Subjects:

MARC

LEADER 00000nab a2200000 a 4500
001 vtls001024779
005 20260525094523.0
008 040720e19971117xo 0 slo
035 |a SL3338 
040 |a SLLK  |b slo  |c SLLK  |e AACR2 
041 0 |a slo 
044 |a xo  |c SK 
080 |a 329.7(437.6)HZDS  |2 1981 
100 0 |a (Lúč-šim)  |4 aut  |9 1027916 
245 1 0 |a Predsedom predstavenstva F. Horal  |b mimoriadny krajský snem HZDS v Prešove 
600 0 7 |a Horal, František,  |d 1842-1919  |2 SNKMA  |9 24147 
610 2 7 |a Hnutie za demokratické Slovensko  |2 SNKKA  |9 14440 
650 0 7 |a snemy krajské  |2 SLLK  |9 1231691 
650 0 7 |a zmeny personálne  |2 SLLK  |9 873347 
650 0 7 |a predsedovia politických strán  |2 SLLK  |9 1639380 
650 0 7 |a informácie  |2 SLLK  |9 1285 
651 7 |a Prešovský samosprávny kraj (Slovensko)  |2 SLLK  |9 23301 
655 7 |a periodikum  |2 snkbucl  |9 29553 
710 2 |a Hnutie za demokratické Slovensko  |4 aut  |9 14440 
773 0 8 |t Lúč - Východoslovenské noviny  |g Roč. 6, č.264, 17.11.1997, s. 2 
852 |a ZVYKNI 
999 |c 2171273  |d 2173203